| 000 | 00523nam a2200181Ia 4500 | ||
|---|---|---|---|
| 003 | GCL | ||
| 008 | 140319s9999 xx 000 0 ara d | ||
| 040 |
_aGCL / _cGCL |
||
| 082 | 0 | 4 |
_a320.5 _bم ا |
| 100 | 1 | _aمحمود كسبر | |
| 245 | 1 | 0 |
_aالايدلوجيا والمجتمع: دراسات فى المجتمع المصرى / _cمحمود كسبر |
| 300 | _a329 | ||
| 490 |
_aكتاب _v0 |
||
| 650 | 0 | 4 | _aالماركسية |
| 650 | 0 | 4 | _aالشيوعية |
| 650 | 0 | 4 | _aالايديولوجيا |
| 942 |
_2ddc _cBK |
||
| 999 |
_c41220 _d41220 |
||